Регионална библиотека "Любен Каравелов" - Русе

Земетресението (Запис номер 28746)

MARC детайли
000 -Лидер
Контролно поле с фиксирана дължина 01193nam a2200325 c 4500
003 - Код на организацията, давaща контролен номер
Контролно поле BLK
005 - Дата и час на последна редакция
Контролно поле 20180420220240.0
008 - Елементи от данни с фиксирана дължина
fixed length control field 180407b bul|||||r ||||||| ||bul||
010 ## - Наследен системен номер
LC control number KNG00031345000
020 ## - Международен стандартен номер на книга ISBN
Международен стандартен номер на книга ISBN 954-625-203-4
-- издат.: Фют
040 ## - Източник на каталожния запис
Идентификатор на билиотеката - собственик на записа BLK
041 ## - Код за език
Код за езика на текст/звукозапис или на отделно заглавие Български
Код за езика КДБФ Български
080 ## - УДК
Текстов определител УДК Американска литература (на САЩ)
УДК код - определител по УДК 821.111(73)
УДК определител -93-31
УДК - код + определител 821.111(73)-93-31
100 1# - Редна дума - Автор
Автор Дюи, Катлийн
Авторска отговорност първи автор
R(LIN) 269910
139 ## - Редно поле
Редна дума Дюи, Катлийн и др.
Авторски знак Дю - Д 97
245 10 - Сведения за заглавието
Заглавие Земетресението
Подзаглавни данни Роман за деца
Редно поле (дума) Катлийн Дюи; съавт. Карън Бейл; прев. от англ. Юлия Кенова.
257 ## - Страна на издаване
Страна на създаване/издаване Съединени американски щати
260 ## - Област на издателските данни
-- София
Име на издателя, разпространителя и проч. Фют
Година на издаване 2000
300 ## - Физическа характеристика
Страници 126 с.
Размери/Мащаб 20 см
380 ## - Жанр
Жанр Детска худож. лит.
490 1# - СЕРИИ (Колекции)
Име на серия Библ. Оцеляване
500 ## - Общи забележки
Забележка Деп. списък: дарение
700 1# - Други автори (авторска отговорност)
Лично име Бейл, Карън
Автороска отговорност (Описва отношението между автора и произведението) съавт.
9 (RLIN) 269911
700 1# - Други автори (авторска отговорност)
Лично име Кенова, Юлия
Автороска отговорност (Описва отношението между автора и произведението) прев. от англ.
9 (RLIN) 78232
852 ## - Местоположение
Форматна сигнатура Цб 204095
856 4# - Електронен адрес и достъп
Електронен формат pdf - файл
Път до файла /url/
856 4# - Електронен адрес и достъп
Електронен формат pdf - файл
Път до файла /url/
942 ## - АРТИКУЛИ
Вид на библиотечния материал Книги
Скрит в OPAC Не
944 ## - СЪЗДАВАНЕ И РЕДАКЦИЯ на ЗАПИСА
Създаване/Редакция Създаване
Дата на регистрацията/редакция 15.01.2003
Служител, извършил регистрацията/редакцията AB_DOS
944 ## - СЪЗДАВАНЕ И РЕДАКЦИЯ на ЗАПИСА
Създаване/Редакция Редакция
Дата на регистрацията/редакция 29.04.2015
Служител, извършил регистрацията/редакцията Наталия_Любомирова
999 ## - СИСТЕМНИ КОНТРОЛНИ НОМЕРА
Koha biblionumber 28746
Koha biblioitemnumber 28746
Наличности
Код за отписване Код за изгубен артикул Източник на класификационната схема Код за повреда Коз за рестрикции Код за отдаване Артикулен № Име на библиотеката - собственик Име на библиотеката, в която се намира в момента Статус (Текущо местоположение) Дата на вписване в системата Местоположение - отдел Цена в лева Инвентарен номер Систематично азбучна сигнатура Баркод Номер на екземпляра Цена в евро Служебен тип на артикула Служебна бележка
  Не е изгубен Universal Decimal Classification Не е повреден без рестрикции ползва се в читалня 46140 Регионална библиотека "Любен Каравелов" Русе Регионална библиотека "Любен Каравелов" Русе Хранилище 2001-01-01 Хранилище 3.50 654790 Цб 204095 120000654790 1 1.79 Книги  
Изтеглен Не е изгубен Universal Decimal Classification Не е повреден без рестрикции заемане за дома 46141 Регионална библиотека "Любен Каравелов" Русе Регионална библиотека "Любен Каравелов" Русе Детски отдел 2001-01-01 Детски отдел 3.50 665016 ДХ 820/899/Д97К 665016 2 1.79 Книги Дата инв: 06.08.2015 Бележки инв: Д2015
Изтеглен Не е изгубен Universal Decimal Classification Не е повреден без рестрикции заемане за дома 46142 Регионална библиотека "Любен Каравелов" Русе Регионална библиотека "Любен Каравелов" Русе Детски отдел 2001-01-01 Детски отдел 3.50 665017 ДХ 820/899/Д97К 665017 3 1.79 Книги Дата инв: 06.08.2015 Бележки инв: Д2015
Vip Innovations Ltd, Rousse, Bulgaria 2025